000 00400pam a2200157a 44500
008 230515b1990 xxu||||| |||| 00| 0 eng d
020 _a0-14-013780-7
041 _aENGL
082 _a001.2 BON.
100 _a"BONO E. D.,"
245 _aLATERAL THINKING FOR MANAGEMENT
250 _a0
260 _aENGLAND
_bPENGUIN BOOKS
_c1990
300 _a225
650 _a"KNOWLEDGE,SCHOLARSHIP & LEARNING"
999 _c535646
_d535646